Normal view
MARC view
- Greaves, L. Richard
Entry Personal Name
001 - CONTROL NUMBER
- control field: 133856
003 - CONTROL NUMBER IDENTIFIER
- control field: NUST
005 - DATE AND TIME OF LATEST TRANSACTION
- control field: 20260403160710.0
008 - FIXED-LENGTH DATA ELEMENTS
- fixed length control field: 260403|| aca||aabn | a|a d
040 ## - CATALOGING SOURCE
- Original cataloging agency: NUST
- Transcribing agency: NUST
100 ## - HEADING--PERSONAL NAME
- Personal name: Greaves, L. Richard
670 ## - SOURCE DATA FOUND
- Source citation: Work cat.: (NUST): Greaves, L. Richard., Civilizations of the West: The Human Adventure /, 1990.
